| 000 | 01056nam a2200265Ia 4500 | ||
|---|---|---|---|
| 999 |
_c53671 _d53671 |
||
| 001 | 20718 | ||
| 003 | GE_BSU | ||
| 005 | 20221111162002.0 | ||
| 008 | 181216s2014||||xx |||||||||||||| ||eng|| | ||
| 020 | _a9780199688036x | ||
| 040 | _cGE_BSU | ||
| 041 | _aeng | ||
| 080 | _a327+341 H-31 | ||
| 100 |
_aHartlapp, Miriam _910376 |
||
| 245 |
_aWhich Policy for Europe? : _bPower and Conflict inside the European Commission / _cMiriam Hartlapp, Julia Metz, Christian Rauh. |
||
| 264 |
_aOxford : _bOxford university Press, _c2014. |
||
| 300 |
_a340 p. ; _c24 cm. |
||
| 653 | _aКакая политика для Европы | ||
| 653 | _aвласть и конфликт внутри Европейской комиссии | ||
| 653 | _aრომელი პოლიტიკაა ევროპაში? | ||
| 653 | _aძალა და კონფლიქტი ევროკომისიაში | ||
| 700 |
_a Metz, Julia _eავტორი _910377 |
||
| 700 |
_aRauh, Christian _eავტორი _910378 |
||
| 942 |
_cBK _2udc |
||